James McCurley
Harvard B
Categories
Mythology | 0 | 2 | 0 | 0 | 20 | 17 | 45.00 | 1 | 2 |
Philosophy | 0 | 2 | 0 | 0 | 20 | 73 | 85.00 | 2 | 2 |
Other | 0 | 2 | 0 | 0 | 20 | 104 | 114.50 | 1 | 1 |
Fine Arts - Other Fine Arts | 0 | 1 | 0 | 0 | 10 | 106 | 106.00 | 0 | 1 |
Science - Biology | 0 | 1 | 0 | 1 | 10 | 124 | 124.00 | 0 | 1 |
History - Other History | 0 | 1 | 1 | 0 | 5 | 30 | 30.00 | 1 | 1 |
Religion | 0 | 1 | 1 | 0 | 5 | 129 | 129.00 | 0 | 1 |
Social Science | 0 | 1 | 1 | 1 | 5 | 121 | 121.00 | 0 | 1 |
Fine Arts - Painting & Sculpture | 0 | 0 | 0 | 0 | 0 | 0.00 | 0 | 0 | |
History - World History | 0 | 0 | 1 | 0 | -5 | 0.00 | 0 | 0 | |
Literature - European Literature | 0 | 0 | 1 | 0 | -5 | 0.00 | 0 | 0 |